000 nam a22 7a 4500
999 _c26477
_d26477
008 170204b xxu||||| |||| 00| 0 eng d
020 _a00251357535
050 _aN 6512 .S638 2007
100 _aSollins, Susan.
_d2007.
245 _aArt in the twenty -first century.
_cSusan, Sollins.
250 _a1st ed.
260 _aUSA:
_bWesley Mller,
_c2007.
300 _a224p. :ill.
_bincludes bibliographical references.
650 _aArt
700 _aSollins
942 _2ddc
_cBOOKS
_hN 6512 .S638 2007